| 000 | 00547nam a2200145Ia 4500 | ||
|---|---|---|---|
| 008 | 140724s9999 xx 000 0 und d | ||
| 050 |
_aHF 5549.5 _b.Oc15 2010 |
||
| 100 | _aOcampo, Jan Nigel Constantine D. | ||
| 245 |
_aPredictors of job satisfaction using Herzberg's Theory among the employees of discovery drug / _cJan Nigel Constantine D. Ocampo. |
||
| 260 |
_aLas PiƱas, Philippines : _bSouthville International School and Colleges, _cc2010. |
||
| 300 |
_a39 p. : _bill. ; _c28 cm. |
||
| 521 | _aPsychology | ||
| 942 | _cTH | ||
| 999 |
_c229019 _d229019 |
||